000
00324nam a22001457a 4500
003
SGT
020
_a
13:978-1-60831-856-8
082
_a
618.92, P13T
100
_a
THAPA, MAHESH
245
_a
PEDIATRIC IMAGING
260
_a
PHILADELPHIA
_b
WOLTERS KLUWER
_c
2013
300
_a
512
650
_a
PEDIATRIC
942
_2
ddc
_c
BK
999
_c
8423
_d
8423